Technical Communication For Engineers / (Record no. 196604)

MARC details
000 -LEADER
fixed length control field 00550nam a2200181 4500
005 - DATE AND TIME OF LATEST TRANSACTION
control field 20230817105339.0
010 ## - LCCN (DPL NO)
LC control number ENG-137446
020 ## - INTERNATIONAL STANDARD BOOK NUMBER
International Standard Book Number 9789325990180
Terms of availability 650.00
035 ## - SYSTEM CONTROL NUMBER
System control number EN-120978
037 ## - SOURCE OF ACQUISITION
Source of stock number/acquisition DBAD/PUB
082 ## - DEWEY DECIMAL CLASSIFICATION NUMBER
Classification number 620.0014
100 ## - MAIN ENTRY--PERSONAL NAME
Personal name Verma,Shalini
245 ## - TITLE STATEMENT
Title Technical Communication For Engineers /
Statement of responsibility, etc by Shalini Verma
260 ## - PUBLICATION, DISTRIBUTION, ETC. (IMPRINT)
Place of publication, distribution, etc New Delhi
Name of publisher, distributor, etc Vikas Publishing House Pvt Ltd
Date of publication, distribution, etc 2015
270 ## - ADDRESS
Address 576, Masjid Road, Jangpura
City New Delhi
Postal code 110014
300 ## - PHYSICAL DESCRIPTION
Extent 746p.
Dimensions 24cm(pbk)
942 ## - ADDED ENTRY ELEMENTS (KOHA)
Source of classification or shelving scheme Dewey Decimal Classification
Item type English Books
Classification part 620.0014
Call number suffix VER
Holdings
Withdrawn status Lost status Not for loan Collection code Home library Current library Date acquired Source of acquisition Cost, normal purchase price Full call number Barcode Copy number Cost, replacement price Koha item type
      Non-fiction R.K.Puram-8 R.K.Puram-8 17/07/2023 DBAD/PUB 650.00 620.0014 VER EN-120978 1 650.00 English Books

© Delhi Public Library
Hit Counter
free hit counter